000 00440nam a2200181Ia 4500
001 14810
005 20260306164941.0
008 260306t2000||||xx |||||||||||||| ||spa||
041 _aESP
082 _a519.4
_bC97B
100 _aOliver, X.,
_eAUT
245 0 _aProblemas de mecánica de medios continuos
260 _c2000
300 _a45 hojas sin numerar :
_c30 cm.
650 _aGEN
654 _aCIM
942 _cLIB
_dJUS
_fJUS
_2ddc
_n
999 _c14810
_d14810